Картины русских художников - Statistics

General Stats
  • This quiz has been taken 124 times
  • The average score is 15 of 50
Answer Stats
Picture Answer % Correct
Иван Айвазовский. Девятый вал
89%
Иван Айвазовский. Среди волн
89%
Валентин Серов. Девочка с персиками
87%
Иван Айвазовский. Радуга
82%
Виктор Васнецов. Аленушка
81%
Василий Суриков. Боярыня Морозова
80%
Иван Шишкин. Утро в сосновом лесу
80%
Илья Репин. Бурлаки на Волге
79%
Орест Кипренский. Портрет Пушкина
77%
Карл Брюллов. Последний день Помпеи
72%
Казимир Малевич. Черный квадрат
72%
Виктор Васнецов. Ковер-самолет
71%
Виктор Васнецов. Иван-царевич на сером волке
69%
Кузьма Петров-Водкин. Купание красного коня
69%
Алексей Саврасов. Грачи прилетели
65%
Виктор Васнецов. Витязь на распутье
64%
Василий Перов. Охотники на привале
64%
Василий Перов. Портрет Достоевского
64%
Василий Верещагин. Нападают врасплох
63%
Илья Репин. Портрет Тургенева
63%
Николай Рерих. Заморские гости
63%
Василий Верещагин. После удачи
60%
Михаил Врубель. Царевна Лебедь
60%
Александр Иванов. Явление христа народу
59%
Василий Верещагин. Апофеоз войны
58%
Борис Кустодиев. Портрет Ф.И. Шаляпина
58%
Казимир Малевич. Спортсмены
57%
Виктор Васнецов. Богатыри
56%
Иван Шишкин. Рожь
55%
Александр Дейнека. Оборона Севастополя
54%
Илья Репин. Портрет Мусоргского
53%
Иван Шишкин. Дубовая роща
53%
Василий Кандинский. Композиция VIII
53%
Архип Куинджи. Дарьяльское ущелье
50%
Василий Суриков. Переход Суворова через Альпы
50%
Исаак Левитан. Золотая осень
50%
Иван Шишкин. Корабельная роща
50%
Карл Брюллов. Всадница
50%
Михаил Врубель. Пан
50%
Кузьма Петров-Водкин. Портрет Анны Ахматовой
50%
Василий Суриков. Взятие снежного городка
47%
Василий Тропинин. Портрет Пушкина
47%
Илья Репин. Не ждали
47%
Николай Рерих. Тангла
46%
Виктор Васнецов. Крещение князя Владимира
44%
Василий Суриков. Утро стрелецкой казни
44%
Михаил Врубель. Демон сидящий
44%
Николай Ге. Портрет Толстого
43%
Иван Крамской. Неизвестная
42%
Николай Рерих. Гималаи. Розовые горы
42%
Василий Кандинский. Последовательность
42%
Федор Рокотов. Портрет Великого князя Петра Федоровича
42%
Василий Суриков. Меншиков в Березове
41%
Архип Куинджи. Лунная ночь на Днепре
40%
Иван Айвазовский. Чесменский бой
40%
Илья Репин. Крестный ход в Курской губернии
40%
Карл Брюллов. Портрет Крылова
38%
Иван Крамской. Портрет Александра III
38%
Валентин Серов. Похищение Европы
36%
Василий Суриков. Автопортрет
36%
Александр Дейнека. Будущие летчики
36%
Иван Крамской. Портрет Толстого
35%
Александр Дейнека. Бег
35%
Василий Перов. Тройка
33%
Илья Репин. Торжественное заседание Государственного совета
33%
Казимир Малевич. Автопортрет
33%
Илья Репин. Иван Грозный и сын его Иван 16 ноября 1581 года
33%
Иван Айвазовский. Смотр Черноморского флота в 1849 году
33%
Иван Шишкин. Туманное утро
32%
Илья Репин. Портрет А.Ф. Керенского
31%
Василий Кандинский. На белом II
31%
Василий Перов. Сельский крестный ход на Пасху
29%
Василий Суриков. Покорение Сибири Ермаком
29%
Василий Суриков. Степан Разин
29%
Карл Брюллов. Автопортрет
29%
Михаил Врубель. Демон Поверженный
29%
Василий Кандинский. Квадраты с концентрическими кругами
29%
Александр Дейнека. Стахановцы
29%
Луи Каравак. Портрет императрицы Анны Иоанновны
28%
Василий Верещагин. Двери Тимура
27%
Василий Верещагин. Перед атакой под Плевной
27%
Василий Перов. Портрет Островского
27%
Илья Репин. Портрет Третьякова
27%
Иван Шишкин. Болото
27%
Николай Рерих. Поход Игоря
27%
Казимир Малевич. Красная конница
27%
Юрий Пименов. Инвалиды войны
27%
Владимир Боровиковский. Портрет Павла I
27%
Архип Куинджи. Ночное
26%
Илья Репин. Запорожцы пишут письмо турецкому султану
25%
Илья Репин. Садко
25%
Борис Кустодиев. Купчиха за чаем
25%
Николай Рерих. Восста род на род
25%
Валентин Серов. Петр I
25%
Кузьма Петров-Водкин. Селедка
24%
Исаак Левитан. Над вечным покоем
23%
Федор Рокотов. Портрет Екатерины II
23%
Алексей Венецианов. Автопортрет
22%
Илья Репин. Автопортрет
22%
Алексей Венецианов. Портрет Карамзина
21%
Архип Куинджи. Море. Крым
21%
Исаак Левитан. Березовая роща
21%
Орест Кипренский. Портрет Жуковского
21%
Василий Верещагин. После неудачи
20%
Борис Кустодиев. Масленица
20%
Иван Никитин. Портрет напольного гетмана
20%
Исаак Левитан. Тихая обитель
19%
Кузьма Петров-Водкин. Автопортрет
19%
Петр Кончаловский. Сирень в корзине "Героическая""
19%
Николай Ге. Петр I допрашивает царевича Алексея
19%
Исаак Левитан. Автопортрет
18%
Константин Флавицкий. Смерть княжны Таракановой
18%
Алексей Кившенко. Военный совет в Филях
18%
Алексей Венецианов. Гумно
17%
Юрий Пименов. Даешь тяжелую индустрию
17%
Григорий Угрюмов. Призвание Михаила Федоровича на царство 14 марта 1613 года
17%
Алексей Венецианов. Жнецы
16%
Константин Маковский. Иван Сусанин
15%
Кузьма Петров-Водкин. На линии огня
15%
Иван Крамской. Портрет Шишкина
14%
Николай Ге. Тайная вечерия
14%
Орест Кипренский. Автопортрет
14%
Александр Дейнека. После боя
14%
Иван Крамской. Христос в пустыне
13%
Николай Ге. Голгофа
13%
Кузьма Петров-Водкин. Смерть комиссара
13%
Александр Дейнека. Оборона Петрограда
13%
Михаил Нестеров. Портрет П.И. Павлова
13%
Михаил Нестеров. Портрет В.И. Мухиной
13%
Алексей Кившенко. Избрание Михаила Романова на царство
13%
Дмитрий Левицкий. Портрет Екатерины II в виде Законодательницы в храме богини Правосудия
13%
Владимир Боровиковский. Екатерина II на прогулке в Царскосельском парке
13%
Иван Шишкин. На севере диком
12%
Михаил Нестеров. Пустынник
12%
Архип Куинджи. Березовая роща
11%
Николай Ге. Автопортрет
11%
Луи Каравак. Портрет императрицы Елизаветы Петровны
11%
Алексей Саврасов. Лосиный остров в Сокольниках
8%
Виктор Васнецов. Царь Иван Васильевич Грозный
8%
Илья Репин. Царевна Софья
8%
Константин Маковский. Выбор невесты царем Алексеем Михайловичем
8%
Дмитрий Левицкий. Е.Н. Хрущова и Е.Н. Хованская
8%
Иван Крамской. Лунная ночь
7%
Александр Бенуа. Китайский павильон "Ревнивец"
7%
Илья Машков. Автопортрет и портрет Петра Кончаловского
7%
Григорий Угрюмов. Взятие Казани Иваном Грозным 2 октября 1552 года
7%
Александр Иванов. Оливковое дерево. Долина Ариччи
6%
Борис Кустодиев. Групповой портрет художников общества "Мир искусства"
6%
Александр Бенуа. Итальянская комедия
6%
Алексей Кившенко. Взятие Казани
6%
Иван Никитин. Петр I на смертном ложе
6%
Константин Маковский. Дети бегущие от грозы
5%
Михаил Врубель. Портрет Саввы Мамонтова
5%
Алексей Венецианов. На пашне весна
0%
Алексей Саврасов. Печерский монастырь близ Нижнего Новгорода
0%
Василий Перов. Утопленница
0%
Валентин Серов. Портрет Иды Рубенштейн
0%
Валентин Серов. Дети
0%
Иван Крамской. Неутешное горе
0%
Иван Крамской. Дети в лесу
0%
Иван Крамской. Русалки
0%
Константин Маковский. Счастливая Аркадия
0%
Константин Флавицкий. Суд Соломона
0%
Борис Кустодиев. Чтение манифеста
0%
Александр Бенуа. Король прогуливается в любую погоду
0%
Александр Бенуа. Иллюстрация к поэме "Медный всадник"
0%
Василий Кандинский. Синий всадник
0%
Юрий Пименов. Солдаты переходят на сторону революции
0%
Юрий Пименов. Новая Москва
0%
Юрий Пименов. Художники в мастерской
0%
Александр Дейнека. Мать
0%
Федор Рокотов. Неизвестная в розовом
0%
Иван Никитин. Портрет канцлера Г.И. Головкина
0%
No matching quizzes found
Score Distribution
Percent of People with Each Score
Percentile by Number Answered
Your Score History
You have not taken this quiz